000 00533nam a2200193 a 4500
005 20260322212028.0
008 data
010 _a68-13112
020 _a710029640
096 _aWM 11 R722m 1968
100 1 _aRosen, George,
_d1910-
245 1 0 _aMadness in society :
_bchapters in the historical sociology of mental illness /
_cGeorge Rosen.
260 _aLondon
_bRoutledge
_cc1968
300 _ax, 237 p.
500 _aBibliographical footnotes.
650 4 _aMental illness
_xhistory
650 0 2 _aCommunity Psychiatry
001 data
999 _c643
_d643